000 00524nam a2200169 a 4500
005 20140412111336.0
008 031017s19uu xx 00 eng d
020 _a0-02-831102-7
050 _aTR(GS 372.4
_bRe314 2000
245 _aReteach (orange) :
_blevel 1-1 workbook 1, blackline masters.
260 _aColumbus, Ohio :
_bSRA/McGraw-Hill,
_c2000.
300 _a283 p. ; ill.
440 _aSRA: Open Court Reading
650 _aReading--Study and teaching
650 _aWriting--Study and teaching
999 _c105031
_d105031